000 00761nam a2200169 4500
001 123035
003 ES-MaACL
005 20230906192110.0
007 t|
008 070214s1956 sp r ||||0| spa d
245 0 0 _aProtocolo que somete a fiscalización internacional ciertas drogas no comprendidas en el Convenio del 13 de julio de 1931 para limitar y reglamentar la distribución de los estupefacientes
_b: Paris, 19 de noviembre de 1948.
260 _aMadrid :
_b[s. n.],
_c1956 (
_fImp. del Ministerio)
300 _a8 p ;
_c22 cm.
500 _aPrecede al tít.: Ministerio de Asuntos Exteriores. Registro de Tratados.
710 1 _aEspaña.
_bMinisterio de Asuntos Exteriores.
_bRegistro de Tratados.
_9168910
852 _aES-MaACL
_j1994-F-9
_bR.39087
999 _c123035
_d123035